Score 0/100 Timer 12:00
3 Plays Today
Rank Item % Correct
2Salt
89.1%
50Seasoning Salt
89%
3Ground Black Pepper
86.9%
15Brown Sugar
86.7%
24Powdered Sugar
86.5%
4Granulated Sugar
86.5%
7White Flour
83.4%
33Wheat Bread
81.8%
97Egg Noodles
71.1%
17Spaghetti
70.6%
30Eggs
70.2%
98Butter
70%
83Fresh Tomatoes
69.1%
52Elbow Macaroni
68.5%
23Tomato Sauce (Plain)
68.2%
43Tomato Sauce (flavored)
68.2%
74Tomato Pasta Sauce
68.2%
86Parmesan
68%
46American Cheese
67.8%
1Ketchup
66.6%
75Apples
66.3%
21Olive Oil
63.7%
11Mustard
62.9%
45Onion
61.7%
59Onion Powder
61.7%
78Onion Flakes
61.7%
76Bottled Water
61.5%
13Garlic Powder
61.1%
44Garlic Salt
61.1%
73Fresh Garlic
61.1%
63Vegetable Oil
60.8%
68Orange Juice
60.5%
94Canola or Safflower Oil
58.9%
93Potatoes
58.7%
Rank Item % Correct
57Boneless Chicken Breast
56.5%
31Cola
56.3%
26Bananas
55%
67Corn
55%
54Mayonnaise
54.4%
79Potato Chips
54.3%
32Coffee
54%
81Grape Jelly
52.1%
84Cream of Mushroom Soup
52.1%
99Tomato Soup
52.1%
90Dried Beans
52%
5Peanut Butter
51.5%
6Ground Cinnamon
50.1%
87Black Tea
49.5%
93Iced Tea Bags
49.5%
10Baking Soda
49.3%
14Baking Powder
45.9%
18Oregano
44.9%
53White Vinegar
44.4%
41Basil
43.6%
80Saltines
42.7%
51Lemon Juice
41.3%
35Pickles
38.5%
95Thyme
37.9%
22Parsley
37.1%
9Extracts (Vanilla)
36.3%
37Oatmeal
35%
62Ranch Dressing
35%
61Bacon
34.4%
16Paprika
34.1%
19Chili Powder
32%
34Canned Tuna
31%
28Syrup
30.5%
25Honey
29.6%
Rank Item % Correct
27Nutmeg
29%
29Soy Sauce
28.9%
85Margarine
28.8%
69Pancake or Waffle Mix
27.1%
89Hot Sauce
26.8%
12Barbecue Sauce
26.3%
42Pickle Relish
26.2%
48Barbecue Seasoning
25.9%
58Baked Beans
25.5%
82Salsa
23.8%
77Ground Ginger
23.7%
71Dried Sage
22.6%
100Baking Mix
21.5%
56Macaroni and Cheese
20.1%
47Popcorn
19.5%
64Ground Cloves
16.4%
8Non-Stick Cooking Spray
16.3%
65Meat Seasoning
16.3%
66Bread Crumbs
16.3%
36Hot Cocoa
15.6%
70Poultry Seasoning
15.4%
39Allspice
15.4%
55Cornstarch
14.2%
60Bay Leaves
13.5%
38Steak Sauce
13.3%
20Worcestershire Sauce
11.1%
72Food Coloring
10.5%
49Italian Seasoning
10.1%
88Corn Syrup
7.6%
91Bouillon cubes
7.6%
40Bouillon Powder
7.5%
92Marinades
5.5%
Remove Ads.
Support Sporcle.
Get the best of Sporcle when you Go Orange. This ad-free experience offers more features, more stats, and more fun while also helping to support Sporcle. Thank you for becoming a member.

You're not logged in!

Compare scores with friends on all Sporcle quizzes.
OR
Log In

Show Comments

Extras

Top Quizzes Today


Score Distribution

Your Account Isn't Verified!

In order to create a playlist on Sporcle, you need to verify the email address you used during registration. Go to your Sporcle Settings to finish the process.

Report this User

Report this user for behavior that violates our Community Guidelines.

Details: